Sister Cities of Australia - Statistics

General Stats
  • This quiz has been taken 16 times
  • The average score is 19 of 302
Answer Stats
Australian City Country Sister City % Correct
Canberra, Sydney Wellington
60%
Brisbane Auckland
53%
Melbourne Osaka
53%
Perth Perth
47%
Adelaide Austin
40%
Canberra Beijing
40%
Melbourne Boston
40%
Adelaide Christchurch
40%
Mackay Honiara
40%
Melbourne Milan
40%
Sydney Nagoya
40%
Sydney San Francisco
40%
Darwin Dili
33%
Gold Coast Dubai
33%
Sydney Florence
33%
Brisbane Kobe
33%
Townsville Port Moresby
33%
Cairns Riga
33%
Cockburn Split
33%
Gold Coast Taipei
33%
Melbourne Thessaloniki
33%
Melbourne Tianjin
33%
Brisbane Abu Dhabi
27%
Brisbane Chongqing
27%
Sydney Guangzhou
27%
Adelaide Qingdao
27%
Perth San Diego
27%
Bayside, Victoria San Marino
27%
Brisbane Shenzhen
27%
Frankston Suva
27%
Sunshine Coast Xiamen
27%
Bland Boring
20%
Gold Coast, Perth Chengdu
20%
Bland Dull
20%
Griffith Fairfield
20%
Griffith Harbin
20%
Perth Houston
20%
Inner West – Marrickville Larnaca
20%
Lismore Lismore
20%
Perth Nanjing
20%
Dubbo Newcastle
20%
Gold Coast Nouméa
20%
Orange Orange
20%
Subiaco Subiaco
20%
Subiaco Subiaco
20%
Gold Coast Tainan
20%
Tamworth Tamworth
20%
Greater Shepparton Baguio
13%
Inner West – Marrickville Bethlehem
13%
Lane Cove Gunnedah
13%
Brisbane, Ipswich Hyderabad
13%
Brisbane Kaohsiung
13%
Cairns Lae
13%
Gunnedah Lane Cove
13%
Port Lincoln Lincoln
13%
Cockburn Mobile
13%
Bundaberg Nanning
13%
Canberra Nara
13%
Bayside, Victoria Nazareth
13%
Penrith Penrith
13%
Randwick Randwick
13%
Perth Rhodes
13%
Logan Suzhou
13%
Gold Coast Zhuhai
13%
Darwin Anchorage
7%
Northern Beaches Bath
7%
Bayside, New South Wales Binhai (Tianjin)
7%
Bayside, New South Wales Bint Jbeil
7%
Bayside, New South Wales Bitola
7%
Banana Boulouparis
7%
Canterbury-Bankstown Colorado Springs
7%
Brisbane Daejeon
7%
Charters Towers Daqing
7%
Townsville Foshan
7%
Fremantle, Inner West – Marrickville Funchal
7%
Bayside, New South Wales Gaiarine
7%
Bayside, New South Wales Gilgandra
7%
Fairfield Griffith
7%
Darwin Haikou
7%
Adelaide Himeji
7%
Ballarat Inagawa
7%
Joondalup Jinan
7%
Darwin Kalymnos
7%
Perth, Randwick Kastellorizo
7%
Wollongong Kawasaki
7%
Inner West – Marrickville Kos
7%
Wagga Wagga Kunming
7%
Lismore Makassar
7%
Tamworth Nashville
7%
Gold Coast Netanya
7%
Albany Nichinan
7%
Wollongong Ohrid
7%
Bathurst Ōkuma
7%
Adelaide Penang Island
7%
Greater Bendigo Penzance
7%
Burwood, Fairfield Platì
7%
Merri-bek Sparta
7%
Temora Upington
7%
Ipswich Wenzhou
7%
Bland Whitby
7%
Frankston Wuxi
7%
Greater Dandenong Xuzhou
7%
Cairns, Greater Geraldton Zhanjiang
7%
Fairfield Zhenjiang
7%
Belmont Adachi (Tokyo)
0%
Burwood Africo
0%
Lockyer Valley Ageo
0%
Clarence Akkeshi
0%
Rockingham Akō
0%
Randwick Albi
0%
Central Highlands Altona
0%
Darwin Ambon
0%
Hobsons Bay Anjō
0%
Tea Tree Gully Asakuchi
0%
Burwood Badolato
0%
Bayside, Victoria Beaumaris
0%
Gold Coast Beihai
0%
Port Stephens Bellingham
0%
Tea Tree Gully Borodianka
0%
Griffith Borso del Grappa
0%
Northern Beaches Brewarrina
0%
Canterbury-Bankstown Broken Hill
0%
Fremantle Capo d'Orlando
0%
Richmond Valley Cassino
0%
Sunshine Coast Cassino
0%
Griffith Castelcucco
0%
Griffith Cavaso del Tomba
0%
Warrnambool Changchun
0%
Ipswich Changde
0%
Townsville Changshu
0%
Wyndham Changzhou
0%
Tamworth Chaoyang (Beijing)
0%
Wyndham Chiryū
0%
Sutherland Chūō (Tokyo)
0%
Burwood Cinquefrondi
0%
Bayside, Victoria Cixi
0%
Campbelltown Coonamble
0%
Merri-bek Çorum
0%
Wyndham Costa Mesa
0%
Parkes Coventry
0%
Mildura Dali Bai
0%
Lismore Eau Claire
0%
Oberon Eceabat
0%
Central Coast Edogawa (Tokyo)
0%
Sunshine Coast Fenland
0%
Blue Mountains Flagstaff
0%
Gold Coast Fort Lauderdale
0%
Penrith Fujieda
0%
Willoughby Gangdong (Seoul)
0%
Penrith Gangseo (Seoul)
0%
Strathfield Gapyeong
0%
Burwood Gerace
0%
Burwood Geumcheon (Seoul)
0%
Bayside, New South Wales Glyfada
0%
Tamworth Gore
0%
Willoughby Guardia Sanframondi
0%
Greater Bendigo Haimen
0%
Lake Macquarie Hakodate
0%
Port Macquarie-Hastings Handa
0%
Logan Hirakata
0%
Fairfield Hsinchu
0%
Northern Beaches Huntington Beach
0%
Lane Cove Huzhou
0%
Rockhampton Ibusuki
0%
Central Highlands Ichinoseki
0%
Launceston Ikeda
0%
Townsville Iwaki
0%
Greater Geelong Izumiōtsu
0%
Temora Izumizaki
0%
Goulburn Mulwaree Jiangdu (Yangzhou)
0%
Manjimup Jiashan
0%
Bunbury Jiaxing
0%
Northern Beaches Jing'an (Shanghai)
0%
Perth Kagoshima
0%
Mackay Kailua-Kona
0%
Camden Kashiwa
0%
Fraser Coast Kasukabe
0%
Inner West – Marrickville Keelung
0%
Bayside, Victoria King's Lynn and West Norfolk
0%
Marion Kokubunji
0%
Greater Geraldton Kosai
0%
Campbelltown Koshigaya
0%
Mildura Kumatori
0%
Hawkesbury Kyōtamba
0%
Sutherland Lakewood
0%
Hilltops Lanzhou
0%
Hobart L'Aquila
0%
Wagga Wagga Leavenworth
0%
Sunshine Coast Le Mont-Dore
0%
Fraser Coast Leshan
0%
Greater Geelong Lianyungang
0%
Blacktown Liaocheng
0%
Greater Shepparton Lijiang
0%
Bega Valley Littleton
0%
Blacktown Liverpool Plains
0%
Fairfield Locri
0%
Greater Bendigo Los Altos
0%
Burwood Martone
0%
Whitehorse Matsudo
0%
Mackay Matsuura
0%
Federation Miki
0%
Darwin Milikapiti (Tiwi Islands)
0%
Devonport Minamata
0%
Cairns Minami
0%
Dubbo Minokamo
0%
Warrnambool Miura
0%
Salisbury Mobara
0%
Fremantle Molfetta
0%
Griffith Monfumo
0%
Orange Mount Hagen
0%
Port Lincoln Muroto
0%
Port Lincoln Mwandi
0%
Ipswich Nantou
0%
Launceston Napa
0%
Ipswich Nerima (Tokyo)
0%
Wagga Wagga Nördlingen
0%
Greater Shepparton Novato
0%
Port Phillip Ōbu
0%
Greater Shepparton Ōshū
0%
Tenterfield Ottobeuren
0%
Cairns Oyama
0%
Toowoomba Paju
0%
Bayside, Victoria Palavas-les-Flots
0%
Fairfield Palmi
0%
Ipswich Pengzhou
0%
Griffith Pieve del Grappa
0%
Blacktown Porirua
0%
Sydney Portsmouth
0%
Griffith Possagno
0%
Launceston Putian
0%
Redland Qinhuangdao
0%
Fairfield Riace
0%
Fairfield Roccella Ionica
0%
Lake Macquarie Rotorua Lakes
0%
Lake Macquarie Round Rock
0%
Inner West – Marrickville Safita
0%
Gladstone Saiki
0%
Blue Mountains Sanda
0%
Burwood Sandakan
0%
Fairfield San Giorgio Morgeto
0%
Fairfield San Lorenzo
0%
Tamworth Sannohe
0%
Moreton Bay San'yō-Onoda
0%
Coffs Harbour Sasebo
0%
Cairns Scottsdale
0%
Fremantle Seberang Perai
0%
Brisbane Semarang
0%
Perth Seocho (Seoul)
0%
Bunbury Setagaya (Tokyo)
0%
Bundaberg Settsu
0%
Campaspe Shangri-La
0%
Goulburn Mulwaree Shibetsu
0%
Southern Downs Shiwa
0%
Townsville Shūnan
0%
Fairfield Siderno
0%
Cairns Sidney
0%
Merri-bek Solarino
0%
Willoughby Suginami (Tokyo)
0%
Busselton Sugito
0%
Canterbury-Bankstown Suita
0%
Blacktown Suseong (Daegu)
0%
Frankston Susono
0%
Townsville Suwon
0%
Northern Beaches Taitō (Tokyo)
0%
Launceston Taiyuan
0%
Latrobe Taizhou
0%
Latrobe Takasago
0%
Gold Coast Takasu
0%
Toowoomba Takatsuki
0%
Bayside, New South Wales Takéo
0%
Lake Macquarie Tanagura
0%
Logan Taoyuan
0%
Port Stephens Tateyama
0%
Hawkesbury Temple City
0%
Orange Timaru
0%
Liverpool Toda
0%
Macedon Ranges Tōkai
0%
Dubbo Toyama
0%
Greater Shepparton Toyoake
0%
Mildura Upland
0%
Orange Ushiku
0%
Perth Vasto
0%
Swan Hill Villers-Bretonneux
0%
Goulburn Mulwaree Wagin
0%
Colac Otway Walker
0%
Toowoomba Whanganui
0%
Moreton Bay Winton
0%
Dubbo Wujiang (Suzhou)
0%
Merri-bek Xianyang
0%
Hobart Yaizu
0%
Swan Hill Yamagata
0%
Lismore Yamatotakada
0%
Bayside, New South Wales Yamatsuri
0%
Canterbury-Bankstown Yangcheon (Seoul)
0%
Isaac, Mackay, Whitsunday Yantai
0%
Gunnedah Yinzhou (Ningbo)
0%
Fremantle Yokosuka
0%
Toowoomba Yuecheng (Shaoxing)
0%
Cockburn Yueyang
0%
Port Stephens Yugawara
0%
North Burnett – Gayndah Zonhoven
0%
Inner West – Marrickville Zonnebeke
0%
No matching quizzes found
Score Distribution
Percent of People with Each Score
Percentile by Number Answered
Your Score History
You have not taken this quiz